Lịch sử thế giới cổ đại

Enregistré dans:
Détails bibliographiques
Auteur principal: Lương, Ninh
Format: Livre
Langue:Undetermined
Publié: Hà Nội Giáo dục 2004
Sujets:
Tags: Ajouter un tag
Pas de tags, Soyez le premier à ajouter un tag!
Thư viện lưu trữ: Trung tâm Học liệu Trường Đại học Cần Thơ
LEADER 00519nam a2200193Ia 4500
001 CTU_64235
008 210402s9999 xx 000 0 und d
020 |b 18500 
082 |a 930 
082 |b N312 
100 |a Lương, Ninh 
245 0 |a Lịch sử thế giới cổ đại 
245 0 |c Lương Ninh 
260 |a Hà Nội 
260 |b Giáo dục 
260 |c 2004 
650 |a History, ancient,World history 
910 |a Năm 
980 |a Trung tâm Học liệu Trường Đại học Cần Thơ